000 00682cam a2200241 a 4500
003 UPN
005 20220810115401.0
008 191105s1984 sp gr 000 0dspa d
020 _a8472916952
035 _aUPN01000233863
040 _aMX-MxUPN
_bspa
_cMX-MxUPN
050 4 _aB832
_bJ36 1984a
100 1 _aJames, William,
_d1842-1910
_928776
245 1 0 _aPragmatismo
260 _aMadrid :
_bSarpe,
_c1984.
300 _a237 páginas
490 _aLos grandes pensadores ;
_v60
500 _aTítulo original: Pragmatismo : a new name for some old ways of thinking.
650 4 _aPragmatismo
_98109
905 _aLibro
942 _n0
_2lcc
_cLIBRO
999 _c205958
_d205958